Datum a čas kvízu
31.5
Celkem bodů
Celkový počet nahraných bodů na tomto kvízu bez doplňovacích otázek.
2.
Pořadí na kvízu
Konečné umístění týmu na tomto kvízu.
Zaznamenané odpovědi
| # | Otázka | Odpověď | Body | Výsledky |
|---|---|---|---|---|
| 1. | Minulý týden policie informova... | škvor | 0 | |
| 2. | Ve které zemi byl minulý týden... | v Číně | 1 | |
| 3. | Minulý týden jsme se dozvěděli... | Francie | 1 | |
| 4. | Kořist v hodnotě přibližně 30... | v Německu | 1 | |
| 5. | Na Silvestra se konalo finále... | Zadina; Stránský | 1 | |
| 6. | Mezi nejúspěšnější sourozence... | 2008; 2012 | 1 | |
| 7. | Pouhých 65 setin sekundy od me... | Petr; Martin | 1 | |
| 8. | Opomenout v tomto tématu nesmí... | 7,5 km; 6 km | 1 | |
| 9. | Nyní bude vaším úkolem uhodnou... | v plavání | 1 | |
| 10. | Na závěr se podíváme na bratrs... | B | 0 |